Recycled, re-seen (Record no. 9036)

MARC details
000 -CABECERA
campo de control de longitud fija 01140nam a2200301 a 4500
001 - NÚMERO DE CONTROL
campo de control BRL_223
005 - FECHA Y HORA DE LA ÚLTIMA TRANSACCIÓN
campo de control 20190320210637.0
008 - DATOS DE LONGITUD FIJA--INFORMACIÓN GENERAL
campo de control de longitud fija 951218s1996 nyua#####b---#001-0#eng-#
020 ## - NÚMERO INTERNACIONAL ESTÁNDAR DEL LIBRO
Número Internacional Estándar del Libro 0810926660
041 ## - CÓDIGO DE LENGUA
Código de lengua del texto/banda sonora o título independiente eng
044 ## - CÓDIGO DEL PAÍS DE LA ENTIDAD EDITORA/PRODUCTORA
Código MARC del país nyu
050 #4 - SIGNATURA TOPOGRÁFICA DE LA BIBLIOTECA DEL CONGRESO
Número de clasificación NK600
Número de documento/Ítem .R43 1996
245 10 - MENCIÓN DE TÍTULO
Título Recycled, re-seen
Resto del título folk art from the Global Scrap Heap
Mención de responsabilidad, etc. Charlene Cerny and Suzanne Seriff, editors ; studio photography by John Bigelow Taylor.
260 ## - PUBLICACIÓN, DISTRIBUCIÓN, ETC.
Lugar de publicación, distribución, etc. Nueva York
Nombre del editor, distribuidor, etc. Harry N. Abrams : Museum of International Folk Art
Fecha de publicación, distribución, etc. c1996
300 ## - DESCRIPCIÓN FÍSICA
Extensión 208 p.
Otras características físicas il. (algunas a color)
Dimensiones 31 cm.
500 ## - NOTA GENERAL
Nota general Incluye índice alfabético
500 ## - NOTA GENERAL
Nota general Catálogo de la exposición realizada en ´The Museum of International Folk Art´
500 ## - NOTA GENERAL
Nota general Au295
504 ## - NOTA DE BIBLIOGRAFÍA, ETC.
Nota de bibliografía, etc. Bibliografía: p. 194-201
650 14 - PUNTO DE ACCESO ADICIONAL DE MATERIA--TÉRMINO DE MATERIA
Término de materia o nombre geográfico como elemento de entrada Arte popular
Subdivisión de forma Exposiciones
Subdivisión general Historia
9 (RLIN) 23275
650 14 - PUNTO DE ACCESO ADICIONAL DE MATERIA--TÉRMINO DE MATERIA
Término de materia o nombre geográfico como elemento de entrada Arte marginal
Subdivisión de forma Exposiciones
Subdivisión general Historia
9 (RLIN) 23276
650 14 - PUNTO DE ACCESO ADICIONAL DE MATERIA--TÉRMINO DE MATERIA
Término de materia o nombre geográfico como elemento de entrada Objetos encontrados (Arte)
Subdivisión de forma Exposiciones
Subdivisión general Historia
9 (RLIN) 23277
700 1# - PUNTO DE ACCESO ADICIONAL--NOMBRE DE PERSONA
Nombre de persona Cerny, Charlene
9 (RLIN) 23278
700 1# - PUNTO DE ACCESO ADICIONAL--NOMBRE DE PERSONA
Nombre de persona Seriff, Suzanne
9 (RLIN) 23279
710 2# - PUNTO DE ACCESO ADICIONAL--NOMBRE DE ENTIDAD CORPORATIVA
Nombre de entidad corporativa o nombre de jurisdicción como elemento de entrada Museum of International Folk Art (N.M.)
9 (RLIN) 23280
902 ## - CATALOGADOR
Iniciales GRL
942 ## - ELEMENTOS DE PUNTO DE ACCESO ADICIONAL (KOHA)
Fuente del sistema de clasificación o colocación Library of Congress Classification
Tipo de ítem Koha Libros
Holdings
Estado de retiro Estado de pérdida Estado dañado No para préstamo Localización permanente Ubicación/localización actual Fecha de adquisición Número de inventario Total de préstamos Signatura topográfica completa Código de barras Fecha visto por última vez Precio válido a partir de Tipo de ítem Koha
El ejemplar forma parte de la colección y puede ser consultado según las políticas vigentes.       Biblioteca Centro de Estudios Ruth D. Lechuga Biblioteca Centro de Estudios Ruth D. Lechuga 20/12/2012 Au295   NK600 .R43 1996 (Au295) GRL00236 22/03/2019 22/03/2019 Libros